000 00520nam a2200181Ia 4500
003 GCL
008 140319s9999 xx 000 0 ara d
040 _aGCL /
_cGCL
082 0 4 _a812.008
_bا ع
100 1 _aالفريد فرج
245 1 0 _aعلى جناح التبريزى وتابعه قفة /
_cالفريد فرج
300 _a119ص
490 _aمسرحيات عربية
_v0
650 0 4 _aالادب العربى
650 0 4 _aالادب
650 0 4 _aالمسرحيات العربية
942 _2ddc
_cBK
999 _c38259
_d38259